000 01031nam a22003017a 4500
001 BR7702915
003 BR-BrBNA
005 20230928085305.0
007 ta
008 230509b bl.||||| |||| 00| 0 por d
040 _aBR-BrBNA
_bpor
_cBiblioteca Nacional de Agricultura
041 _a(Por)
072 _aP10; E30
_b/G514
090 _ P10 BR7702915
110 1 _aSecretaria de Obras e do Meio Ambiente, Sao Paulo, SP (Brasil). Depto. de Aguas e Energia Eletrica
_99002
245 1 _aEstudo de aguas subterraneas. Regiao administrativa 3 e faixa litoranea - Sao Jose dos Campos. v. 2 - Plano diretor - abastecimento de agua em 10 cidades [Sao Paulo; Brasil]
260 3 _aSao Paulo, SP (Brasil):
_c1977.
300 _a238 p.
500 _a12 illus.; 84 tables; 17 graphs
650 _aRecurso hidrico
650 _aProjeto de desenvolvimento
650 _aAguas subterraneas
650 _aCusto
650 _aDistribuicao de agua
650 _aSao Paulo
909 _a202309
_bLucia
_c55
_dLucia Elande
942 _cBK
999 _c23695
_d23695